Krainy fizyczno-geograficzne w Europie - Statystyki

Ogólne statystyki
  • Ten quiz został rozwiązany 261 razy
  • Średni wynik to 9 z 27
Statystyki odpowiedzi
Góry % Poprawnych
Alpy
90%
Karpaty
89%
Sudety
78%
Pireneje
72%
Ural
64%
Apeniny
58%
Skandynawskie
54%
Dynarskie
47%
Kaukaz
44%
Wschodnioeuropejska
44%
Fińskie
33%
Betyckie
27%
Środkoworosyjska
26%
Węgierska
24%
Nadkaspijska
21%
Bawarska
17%
Harz
17%
Czarnomorska
14%
Jura
14%
Ardeny
13%
Padańska
13%
Wogezy
13%
Nadwołżańska
12%
Rumuńska
4%
Radopy
2%
Schwarzland
2%
Niż Zachodnioeuropejski
1%
Nie znaleziono quizów pasujących do podanych kryteriów
Rozkład punktacji
Procent ludzi z każdym wynikiem
Percentyl według liczby udzielonych odpowiedzi
Twoja historia wyników
Nie rozwiązałeś tego quizu